Normal view
MARC view
- Wireless Internet
Entry Topical Term
001 - CONTROL NUMBER
- control field: 109472
003 - CONTROL NUMBER IDENTIFIER
- control field: NUST
005 - DATE AND TIME OF LATEST TRANSACTION
- control field: 20230222124238.0
008 - FIXED-LENGTH DATA ELEMENTS
- fixed length control field: 230222|| aca||aabn | a|a d
040 ## - CATALOGING SOURCE
- Original cataloging agency: NUST
- Transcribing agency: NUST
150 ## - HEADING--TOPICAL TERM
- Topical term or geographic name entry element: Wireless Internet
- General subdivision: Security measures
670 ## - SOURCE DATA FOUND
- Source citation: Work cat.: (NUST)175302: Nakhjiri, Madjid. 109471, AAA and network security for mobile access :, c2005.
